| 000 | 01696nam a2200241Ia 4500 | ||
|---|---|---|---|
| 999 |
_c46157 _d46157 |
||
| 001 | 12989 | ||
| 003 | GE_BSU | ||
| 005 | 20240813175504.0 | ||
| 008 | 181216s2014||||ge |||||||||||||| ||geo|| | ||
| 020 | _a9789941133589 | ||
| 040 | _cGE_BSU | ||
| 041 | _ageo | ||
| 080 | _a378.4(479.22) უ-47 | ||
| 245 |
_aუნივერსიტეტი = Universitas 1918 / _bტექსტის ავტორი : ზურაბ გაიპარაშვილი ; წიგნის შედგენაში მონაწილეობდნენ : თამარ ებრალიძე, ნანა კაჭაბავა, მარიამ ებრალიძე, მარინა ჭყონია და სხვები ; ივანე ჯავახიშვილის სახელობის თბილისის სახელმწიფო უნივერსიტეტი. |
||
| 250 | _aმე-3 გამოცემა | ||
| 264 |
_aთბილისი : _bთბილისის უნ-ტის გამ-ბა, _c2014. |
||
| 300 |
_a202 გვ. : _bფერადი ილუსტრაციები, _c24 სმ. |
||
| 653 | _aუნივერსიტეტი | ||
| 653 | _aივანე ჯავახიშვილის სახელობის თბილისის სახელმწიფო უნივერსიტეტი. | ||
| 653 | _a თბილისის სახელმწიფო უნივერსიტეტის ისტორია | ||
| 700 |
_aგაიპარაშვილი, ზურაბ _eტექსტის ავტორი _923080 |
||
| 942 |
_cBK _2udc |
||